书目信息 |
| 题名: |
一个人的城堡
|
|
| 作者: | 黄昱宁, 著 | |
| 分册: | ||
| 出版信息: | 北京 东方出版社 2010.01 |
|
| 页数: | 344页 | |
| 开本: | 21cm | |
| 丛书名: | 互读文丛 | |
| 单 册: | ||
| 中图分类: | I106 | |
| 科图分类: | ||
| 主题词: | 文学评论--中国--文集 | |
| 电子资源: | ||
| ISBN: | 978-7-5060-3677-1 | |
| 000 | 00806nam 2200253 450 | |
| 001 | 012010605763 | |
| 005 | 20100524112338.85 | |
| 009 | 012004431883 | |
| 010 | @a978-7-5060-3677-1@dCNY27.00 | |
| 100 | @a20100515d2010 em y0chiy0110 ea | |
| 101 | 0 | @achi |
| 102 | @aCN@b110000 | |
| 105 | @ay z 000yy | |
| 200 | 1 | @a一个人的城堡@Ayi ge ren de cheng bao@f黄昱宁著 |
| 210 | @a北京@c东方出版社@d2010.01 | |
| 215 | @a344页@d21cm | |
| 225 | 2 | @a互读文丛 |
| 330 | @a本书分书里香、画外音、黄金屋、言如玉四辑,收录了《活在明暗交界处》、《大鱼罗斯》、《与谁共舞》、《裸女入画》、《美人须入画》、《只差一点点》等文章。 | |
| 410 | 0 | @12001 @a互读文丛 |
| 606 | 0 | @a文学评论@y中国@j文集 |
| 690 | @aI106@v4 | |
| 701 | 0 | @a黄昱宁,@Ahuang yu ning,@f1975-@4著 |
| 801 | 0 | @aCN@c20100515 |
| 905 | @dI106@eH915@f3 | |
| 一个人的城堡/黄昱宁著.-北京:东方出版社,2010.01 |
| 344页;21cm.-(互读文丛) |
| ISBN 978-7-5060-3677-1:CNY27.00 |
| 本书分书里香、画外音、黄金屋、言如玉四辑,收录了《活在明暗交界处》、《大鱼罗斯》、《与谁共舞》、《裸女入画》、《美人须入画》、《只差一点点》等文章。 |
| ● |
| 相关链接 |
|
|
|
正题名:一个人的城堡
索取号:I106/H915
 
预约/预借
| 序号 | 登录号 | 条形码 | 馆藏地/架位号 | 状态 | 备注 |